000 00375nam a22001457a 4500
005 20260407110721.0
008 260407b |||||||| |||| 00| 0 eng d
082 _a330.954
_bACO-G
100 _aGovernment of Pakistan
245 _aEconomics Survey 1997-98
260 _aPakistan
_bPakistan
_c1998
300 _aXXiii, 250 p.
650 _aManagement Science
942 _cBK
999 _c47221
_d47221